Začlenenie posúdenia váh do modelov DEA
Váhy v DEA - multiplikátorový model, obalový model. Začlenenie posúdenia váh do modelov DEA, dôvody, metódy. Obmedzenia váh. Zmena súboru dát. Výber vhodnej metódy pre začlenenie posúdenia váh by mal byť vykonaný vzhľadom k cieľom konkrétnej analýzy.
Saved in:
| Main Author: | |
|---|---|
| Other Authors: | |
| Format: | Book Chapter |
| Language: | Slovak |
| Subjects: | |
| Tags: |
No Tags, Be the first to tag this record!
|
MARC
| LEADER | 00000nla$a2200000$$$4500 | ||
|---|---|---|---|
| 001 | 0073239 | ||
| 005 | 20240502071853.0 | ||
| 041 | 0 | |a slo | |
| 044 | |a SK | ||
| 245 | 1 | 0 | |a Začlenenie posúdenia váh do modelov DEA |c Anna Oršulová, Marián Žabka |
| 520 | |a Váhy v DEA - multiplikátorový model, obalový model. Začlenenie posúdenia váh do modelov DEA, dôvody, metódy. Obmedzenia váh. Zmena súboru dát. Výber vhodnej metódy pre začlenenie posúdenia váh by mal byť vykonaný vzhľadom k cieľom konkrétnej analýzy. | ||
| 610 | 2 | 0 | |a analýzy |
| 610 | 2 | 0 | |a modely ekonometrické |
| 610 | 2 | 0 | |a modely ekonomicko-matematické |
| 610 | 2 | 0 | |a rozhodovanie |
| 100 | 1 | |a Oršulová, Anna | |
| 700 | 1 | |a Žabka, Marián | |